000 00345nam a2200157Ia 4500
008 210210b1927 xxu||||| |||| 00| 0 eng d
041 _aeng
082 _a954/278
100 _aNATARAJAN (K)
245 _aIndians abroad
260 _aBombay
_b-
_c1927
650 _aIndians
650 _aabroad
690 _aIndian History
906 _a026036
999 _c77944
_d77944